• 首页
  • 本馆介绍
  • 公告通知
  • 最新文献
  • 馆藏检索
  • 电子资源
  • 读者导购
  • 参考咨询
  • 我的图书馆
  • 登录
  • 详细信息显示
  • 放入我的书架
  • 预约/预借图书
  • 作者相关作品
  • 分类相关作品
  • 丛书相关作品
  • 出版社相关作品

书目信息

  • 表格格式
  • 工作单格式
  • 卡片格式
题名:
图书馆业务自学大全
    
 
作者: 李怀智 , 史永元 , 曹殿举 编著
分册: 5  
出版信息:   吉林省图书馆学会  1981
页数: 264页
开本: 20cm
丛书名:
单 册:
中图分类: G251.1
科图分类:
主题词: 图书馆学 , 图书馆事业
电子资源:
ISBN:
000 00707nam0 2200217 450
001 0659581031
005 20060911171449.26
100    @a20060802d1981 km y0chiy0120 ea
101 0  @achi
200 1  @a图书馆业务自学大全@Atu shu guan ye wu zi xue da quan@e图书分类学@f史永元,曹殿举,李怀智等编著@h5@Fshi yong yuan,cao dian ju,li huai zhi deng bian zhu
210    @c吉林省图书馆学会@d1981
215    @a264页@d20cm
517 1  @a图书分类学@Atu shu fen lei xue
606 0  @a图书馆学
606 0  @a图书馆事业
690    @aG251.1@v3
701  0 @a李怀智@Ali huai zhi@4编著
701  0 @a史永元@Ashi yong yuan@4编著
701  0 @a曹殿举@Acao dian ju@4编著
801  0 @aCN@bPFT@c20060911
905    @a10447@dG251.1@e11:5
    
    图书馆业务自学大全:图书分类学/史永元,曹殿举,李怀智等编著.5.-吉林省图书馆学会,1981
    264页;20cm
    
    
    ISBN :
    
●
相关链接 在E读中查询图书 在五车中查询图书 在当当中查询图书 在豆瓣中查询图书


正题名:图书馆业务自学大全     索取号:G251.1/11:5         预约/预借

序号 登录号 条形码 馆藏地/架位号 状态 备注
1 0441955   204419557   密集书库/ [索取号:G251.1/11:5] 在馆    
2 0441970   204419708   密集书库/ [索取号:G251.1/11:5] 在馆    
3 0441971   204419717   密集书库/ [索取号:G251.1/11:5] 在馆    
4 0446882   204468824   密集书库/ [索取号:G251.1/11:5] 在馆    
5 0446883   204468833   密集书库/ [索取号:G251.1/11:5] 在馆    
6 0472068   204720686   密集书库/ [索取号:G251.1/11:5] 在馆    
唐山师范学院图书馆 欢迎您!
大连网信软件有限公司© 版权所有